Journal of business administration (Record no. 38362)

MARC details
000 -LEADER
fixed length control field 00469nam a2200169Ia 4500
022 ## - INTERNATIONAL STANDARD SERIAL NUMBER
ISSN 15963284
050 ## - CALL MARK
Classification number HF 5001 .J583/
245 #0 - TITLE STATEMENT
Title Journal of business administration
260 ## - PUBLICATION, DISTRIBUTION, ETC. (IMPRINT)
Place of publication ABU, Zaria
260 ## - PUBLICATION, DISTRIBUTION, ETC. (IMPRINT)
Name of publisher Department of Business Administration
260 ## - PUBLICATION, DISTRIBUTION, ETC. (IMPRINT)
Year of publication 2005
300 ## - PHYSICAL DESCRIPTION
Number of Pages iii. , 128 p. ; 25 cm.
650 ## - SUBJECT ADDED ENTRY--TOPICAL TERM
Topical Term Business--Periodicals. Management--Periodicals.
942 ## - ADDED ENTRY ELEMENTS (KOHA)
Koha item type Serials

No items available.